000 00993nmm a2200361 a 4500
003 AR-BaBNM
005 20251128205822.0
008 218019s1994 ||||||||||||||000 | spa||
020 _a950-556-252-X
040 _cAR-BaBNM
100 1 _aPellettieri, Osvaldo
245 1 0 _aCien años de teatro argentino
_b1886-1990 : del Moreira a teatro abierto
250 _a2ª ed.
260 _aBuenos Aires
_bGalerna
_c1994
300 0 _a184 p.
500 0 _aContiene referencias bibliográficas en p. 177
600 1 4 _aLeguizamón, Martiniano
_d1858-1935
600 1 4 _aDiscépolo, Armando
600 1 4 _aPirandello, Luigi
600 1 4 _aArlt, Roberto
600 1 4 _aKartun, Mauricio
650 4 _aCRITICA LITERARIA
650 4 _aTEORIA LITERARIA
650 4 _aTEATRO
650 4 _aESCRITORES
650 4 _aENSAYO
650 4 _aHISTORIA LITERARIA
653 0 _aGROTESCO
655 _aLITERATURA
700 1 _aToro, Fernando de
_eprologuista
942 _cBK
998 _cMARTIN
999 _c12935
_d12935